000 01333nas a2200397 4500
001 BR2013003937
003 BR-BrBNA
005 20231205122419.0
007 ta
008 230509b bl.|||p| |||| 00| 00por d
040 _aBR-BrBNA
_bpor
_cBiblioteca Nacional de Agricultura
041 _a(Pt)
072 _aL50; L74
100 1 _aCalazans, S.G.
100 1 _aDaleck, C.R.
100 1 _aFagliari, J.J.
100 1 _aRepetti, C.F.
100 1 _aNardi, A.B. de
100 1 _aCastro, J.H.T.
100 1 _aFernandes, S.C.
100 1 _aCésar, J.R.F.
100 1 _aRodigheri, S.M.
100 1 _a
100 1 _a
245 1 _aProteinograma sérico de cães sadios e com linfoma obtido por eletroforese em gel de poliacrilamida (SDS-PAGE)
246 1 _aSerum protein concentrations in healthy dogs and dogs with lymphoma by means of sodium dodecil sulphate-polyacrylamide gel electrophoresis (SDS-PAGE)
650 _aCÃO
650 _aSANGUE
650 _aANÁLISE QUÍMICA
650 _aPROTEÍNA
650 _aLINFOMA
773 0 _tArquivo Brasileiro de Medicina Veterinária e Zootecnia (Brazil)
_xISSN 0102-0935
_g(Oct 2009), v. 61(5) p. 1044-1048
_wBR2013003937
856 4 0 _uhttp://www.scielo.br/pdf/abmvz/v61n5/a05v61n5.pdf
909 _a202311
_bLúcia
_c55
_dLúcia Elande
942 _2AGRIS
_n0
_cANA
999 _c228524
_d228524